000 00214 a2200097 4500
001 41021
100 _aS Gul Hassan
245 _aTazkira-e-Ghausia
260 _aLahore
_bNoori Book Depot
_c
090 _c25255
_d25255
942 _aNUST-CAE
_cM
_c16953
999 _c276094
_d276094